| 000 | 004500000a22001810004500 | ||
|---|---|---|---|
| 003 | MACL | ||
| 005 | 20150822124132.0 | ||
| 008 | 150822b xxu||||| |||| 00| 0 eng d | ||
| 040 |
_aMACL _cMACL |
||
| 041 | _aEnglish | ||
| 082 | _a630/MAN | ||
| 100 |
_aMansata, Bharat _96764 |
||
| 245 | _aThe Great Agricultural Challenge | ||
| 260 |
_bEarthcare Books _c2009 _aKolkata |
||
| 350 | _a100 | ||
| 650 |
_aAgriculture _96765 |
||
| 942 |
_cBK _k630/MAN _2ddc |
||
| 999 |
_c42843 _d42843 |
||